| 000 | 00939nam a2200181 i 4500 | ||
|---|---|---|---|
| 001 | 189283 | ||
| 003 | ES-MaACL | ||
| 005 | 20230906223434.0 | ||
| 008 | 190521s1863 fr |||| | fre d | ||
| 100 | 1 |
_aLaurent, Charles-Auguste. _970625 |
|
| 245 | 1 | 0 |
_aÉtudes sur les provinces du Levant de l'Espagne, au point de vue de la recherche et de l'amenagement des eaux / _cpar Charles Laurent. |
| 260 |
_aSaint-Nicolas : _b[s.n.], _c1863 ( _fImp. de P. Trenel) |
||
| 300 |
_a79 p., [1] h. pleg. de mapa ; _c21 cm. |
||
| 595 | _aExtrait de l'Annuaire 1863 de la Société des anciens élèves des écoles impériales d'arts et métiers. | ||
| 650 | 4 |
_aGestión del agua- _zEspaña. _9172932 |
|
| 650 | 4 |
_aHidrología- _zEspaña. _913340 |
|
| 852 |
_aES-MaACL _jB-8925(11) _z- Legado de Federico de Botella y de Hornos _z- Encuadernado en un vol. facticio agrupado con el nombre en el lomo: España, geología, memorias y documentos varios 9 a 19 |
||
| 999 |
_c189283 _d189283 |
||